Top 20 Spotify monthly listeners, jan 2023 - Statistics

General Stats
  • This quiz has been taken 75 times
  • The average score is 9 of 20
Answer Stats
monthly listeners artist % Correct
80.727.389 Taylor Swift
82%
95.920.497 The Weeknd
79%
69.296.638 Drake
74%
71.236.048 Ariana Grande
73%
81.132.702 Ed Sheeran
71%
77.991.199 Justin Bieber
63%
65.157.503 Eminem
50%
68.162.801 Bad Bunny
45%
69.343.966 Rihanna
42%
65.824.989 Harry Styles
37%
63.386.635 Dua Lipa
35%
64.157.503 Coldplay
32%
59.876.628 Lady Gaga
31%
58.820.993 21 Savage
27%
66.729.993 Shakira
26%
63.348.970 SZA
24%
73.339.341 David Guetta
23%
57.053.145 Imagine Dragons
19%
74.636.524 Sam Smith
19%
57.466.498 Elton John
15%
No matching quizzes found
Score Distribution
Percent of People with Each Score
Percentile by Number Answered
Your Score History
You have not taken this quiz